| 000 | 00501nam a2200205Ia 4500 | ||
|---|---|---|---|
| 003 | OSt | ||
| 005 | 20220524110416.0 | ||
| 008 | 210210b1998 xxu||||| |||| 00| 0 eng d | ||
| 040 | _cAL | ||
| 041 | _aEnglish | ||
| 082 | _a540.02 SHEV | ||
| 100 |
_aSHETTY (M Mohan) & others. _938692 |
||
| 245 | _aChemistry for C E T | ||
| 260 |
_aMangalore _bVinyas Publishers _c1998 |
||
| 300 | _av,200 | ||
| 650 |
_a CET _938693 |
||
| 690 |
_aChemistry Entrance _938694 |
||
| 906 | _a053164 | ||
| 942 |
_2ddc _cBK |
||
| 999 |
_c101423 _d101423 |
||